|
|
|
|
| LEADER |
000000ss a2200000 a 4500 |
| 001 |
54242 |
| 005 |
20230308221940.0 |
| 008 |
000000| ||||||||r|||||||||||spa|| |
| 022 |
|
|
|a 0120-1115
|
| 040 |
|
|
|b spa
|
| 041 |
0 |
|
|a Es
|
| 082 |
0 |
|
|a 050
|b V48v
|
| 110 |
|
|
|a Universidad Pontificia Bolivariana
|9 307073
|
| 245 |
|
|
|a Revista de la Universidad Pontificia Bolivariana
|c Universidad Pontificia Bolivariana
|h imp
|
| 264 |
|
|
|a Medellín
|c 1966
|
| 362 |
|
|
|a XXVIII; n.99
|
| 650 |
1 |
|
|a Revista de la universidad pontificia bolivariana
|9 217860
|
| 650 |
1 |
|
|a Publicacion periodica
|9 195083
|
| 852 |
|
|
|a UC-CDJBV
|f Donación
|k npena
|l 1
|p 00000000
|t 54242
|d CDRC
|e CDRC
|g 050 V48v
|z 0000-00-00
|
| 942 |
|
|
|c SER
|
| 999 |
|
|
|c 139097
|d 139097
|